| 000 | 00390nam a22001457a 4500 | ||
|---|---|---|---|
| 999 |
_c1368 _d1368 |
||
| 008 | 200123b ||||| |||| 00| 0 eng d | ||
| 082 | 0 | 0 |
_a623.81 _bD125 |
| 100 |
_9971 _aDage, Lee Van |
||
| 245 | 1 | 0 |
_aStability and trim for the ship's officer _cby Lee Van Dage |
| 260 |
_aToronto _bVan Nostrand _c1951 |
||
| 300 | _axv,180p. | ||
| 365 | _d15.12 | ||
| 650 | 0 | _aNaval Architecture | |
| 942 | _cBK | ||